Fleurs et jardins dans l’œuvre de George Sand. Études réunies et présentées par SIMONE BERNARD-GRIFFITHS et MARIE-CÉCILE LEVET. Clermont-Ferrand, Presses universitaires Blaise Pascal, coll. « Révolutions et Romantismes », n° 10,2006. Un vol. 22 x 14 de 454 p. (notice n° 1654344)

détails MARC
000 -LEADER
fixed length control field 01736cam a2200157 4500500
005 - DATE AND TIME OF LATEST TRANSACTION
control field 20260208005917.0
041 ## - LANGUAGE CODE
Language code of text/sound track or separate title fre
042 ## - AUTHENTICATION CODE
Authentication code dc
100 10 - MAIN ENTRY--PERSONAL NAME
Personal name Reid, Martine
Relator term author
245 00 - TITLE STATEMENT
Title Fleurs et jardins dans l’œuvre de George Sand. Études réunies et présentées par SIMONE BERNARD-GRIFFITHS et MARIE-CÉCILE LEVET. Clermont-Ferrand, Presses universitaires Blaise Pascal, coll. « Révolutions et Romantismes », n° 10,2006. Un vol. 22 x 14 de 454 p.
260 ## - PUBLICATION, DISTRIBUTION, ETC.
Date of publication, distribution, etc. 2007.<br/>
500 ## - GENERAL NOTE
General note 87
520 ## - SUMMARY, ETC.
Summary, etc. La correspondance entre Victor Hugo et l’érudit suédois Bernhard von Beskow, ainsi que les manuscrits de Hugo conservés dans différents fonds suédois, forment un ensemble de documents qui, pour être bien compris, nécessitent un regard sur les relations culturelles entre la France et la Suède au XIXe siècle. Les lettres retrouvées datent des années 1844-45 et 1865, mais les contacts entre Hugo et Beskow remontent à l’année 1827. Ils furent suivis du lancement de Victor Hugo dans la presse suédoise peu de temps après, notamment avec la publication avant l’heure d’un fragment du poème « Lui » des Orientales dans la revue Heimdall en juillet 1828. Grâce à ses contacts avec Beskow, Hugo obtint du roi Oscar Ier la prestigieuse croix de l’ordre de l’Étoile polaire, et les échanges épistolaires entre les deux hommes permettent d’entrevoir les étapes d’une relation plus mondaine que littéraire fondée sur une sympathie mutuelle.
786 0# - DATA SOURCE ENTRY
Note Revue d'histoire littéraire de la France | 107 | 3 | 2007-09-01 | p. 629zt-688zt | 0035-2411
856 41 - ELECTRONIC LOCATION AND ACCESS
Uniform Resource Identifier <a href="https://shs.cairn.info/revue-d-histoire-litteraire-de-la-france-2007-3-page-629zt?lang=fr&redirect-ssocas=7080">https://shs.cairn.info/revue-d-histoire-litteraire-de-la-france-2007-3-page-629zt?lang=fr&redirect-ssocas=7080</a>

Pas d'exemplaire disponible.

PLUDOC

PLUDOC est la plateforme unique et centralisée de gestion des bibliothèques physiques et numériques de Guinée administré par le CEDUST. Elle est la plus grande base de données de ressources documentaires pour les Étudiants, Enseignants chercheurs et Chercheurs de Guinée.

Adresse

627 919 101/664 919 101

25 boulevard du commerce
Kaloum, Conakry, Guinée

Réseaux sociaux

Powered by Netsen Group @ 2025